Manpower policy in Japan

Đã lưu trong:
Sonraí Bibleagrafaíochta
Formáid: Leabhar
Teanga:Undetermined
Foilsithe: Paris OECD 1973
Ábhair:
Clibeanna: Cuir Clib Leis
Gan Chlibeanna, Bí ar an gcéad duine leis an taifead seo a chlibeáil!
Thư viện lưu trữ: Trung tâm Học liệu Trường Đại học Cần Thơ
LEADER 00408nam a2200169Ia 4500
001 CTU_85754
008 210402s9999 xx 000 0 und d
082 |a 331.1 
082 |b M285 
245 0 |a Manpower policy in Japan 
260 |a Paris 
260 |b OECD 
260 |c 1973 
650 |a Manpower policy 
650 |z Japan 
904 |i Năm 
980 |a Trung tâm Học liệu Trường Đại học Cần Thơ